Stony debris ecosystems - sources of landscape diversity

Bibliographic Details
Main Author: Růžička, Vlastimil (Author)
Format: Article
Language:Slovak
English
PhysicalDescription:Obr. 1, res. angl., čes., lit. 15 zázn. v angl., češ., nem.
Subjects:

MARC

LEADER 00000nab a2200000 a 4500
001 vtls000497504
003 SK-MaSNL
005 20260304083039.0
008 250424c1993 xo 0 slo
015 |a SNBRB19rr/mm-uuuuu 
035 |a CL0497642 
035 |a urn:nbn:sk:snk-ab9xw2 
035 |a (urnnbn)urn:nbn:sk:snk:ar-a093yt 
035 |a (uuid)7df5912a-ff99-49d8-97ff-a00906aaaf3e 
040 |a SNKBUCL  |b slo  |c SNKBUCL  |e AACR2 
041 0 |a eng 
044 |a xo  |c SK 
080 |a 574:581.526.54  |2 1981 
080 |a 581.526.54  |2 1981 
080 |a 504.7  |2 1981 
100 1 |a Růžička, Vlastimil  |4 aut  |9 510539 
245 1 0 |a Stony debris ecosystems - sources of landscape diversity  |c Vlastimil Růžička 
300 |b Obr. 1, res. angl., čes., lit. 15 zázn. v angl., češ., nem. 
650 0 7 |a sute kamenisté  |2 snkbucl  |9 1373056 
650 0 7 |a ekosystémy  |2 snkbucl  |9 3902 
655 7 |a články z novín a časopisov  |2 snkbucl  |9 267496 
773 0 |t Ekológia  |g Roč. 12, č. 3 (1993), s. 291-298 
850 |a Slovenská národná knižnica 
852 |a Slovenská národná knižnica 
958 |a article13 
958 |a OND 
958 |a NB 
958 |a RK 
958 |a ME 
958 |a EUIPO 
992 |a RBX 
999 |c 2799331  |d 2801261